Harry Potter names letter salad (hard) - Statistics

General Stats
  • This quiz has been taken 61 times
  • The average score is 15 of 15
Answer Stats
Hint Answer % Correct
RRHAY Harry
100%
HERLICA Charlie
98%
GIGF Figg
98%
GPWAR Grawp
98%
GHADRI Hagrid
98%
DIHGEW Hedwig
98%
VALDNERE Lavender
98%
GUNSMDUNU Mundungus
98%
GANIIN Nagini
98%
DPAMA Padma
98%
TAVIRAP Parvati
98%
LOPEENEP Penelope
98%
REETP Peter
98%
EULFR Fleur
96%
LHRNOSGU Slughorn
95%
No matching quizzes found
Score Distribution
Percent of People with Each Score
Percentile by Number Answered
Your Score History
You have not taken this quiz